Morphometrics : applications in biology and paleontology /

Bibliographic Details
Other Authors: Elewa, Ashraf M. T.
Format: Book
Language:English
Published: Berlin ; New York : Springer, [2004]
Subjects:

MARC

Tag First Indicator Second Indicator Subfields
LEADER 00000cam a2200000 a 4500
001 in00002000264
005 20151031123650.0
008 040604s2004 gw a b 001 0 eng c
010 |a  2004103476 
020 |a 3540214291 
035 |a (OCoLC)ocm55600459 
040 |a OHX  |c OHX  |d AZS  |d TXA  |d UtOrBLW 
049 |a TXAM 
090 |a QH351  |b .M618 2004 
245 0 0 |a Morphometrics :  |b applications in biology and paleontology /  |c Ashraf M.T. Elewa (editor). 
264 1 |a Berlin ;  |a New York :  |b Springer,  |c [2004] 
264 4 |c ©2004 
300 |a xiv, 263 pages :  |b illustrations ;  |c 25 cm. 
336 |a text  |b txt  |2 rdacontent 
337 |a unmediated  |b n  |2 rdamedia 
338 |a volume  |b nc  |2 rdacarrier 
504 |a Includes bibliographical references and index. 
650 0 |a Morphology  |x Statistical methods. 
650 0 |a Morphology  |x Mathematics. 
700 1 |a Elewa, Ashraf M. T. 
948 |a cataloged  |b h  |c 2004/10/18  |d c  |e dmitchel  |f 10:10:10 am 
994 |a E0  |b TXA 
999 |a MARS 
999 f f |s 99ca87f0-c124-3963-91d4-978ba6fce593  |i 57eb4aa9-a65d-3b32-975e-eea6b6b4cb74  |t 0 
952 f f |p normal  |a Texas A&M University  |b College Station  |c Sterling C. Evans Library  |d Evans: Library Stacks  |t 0  |e QH351 .M618 2004  |h Library of Congress classification  |i unmediated -- volume  |m A14831345105 
998 f f |a QH351 .M618 2004  |t 0  |l Evans: Library Stacks